| 000 | 00743nam a2200217 a 4500 | ||
|---|---|---|---|
| 001 | 35526 | ||
| 003 | BD-RjUL | ||
| 005 | 20211209052334.0 | ||
| 008 | 180411m19691964pk ar p s0 a0engdd | ||
| 035 | _a(BD-RjUL)35620 | ||
| 040 |
_aPIT _cPIT _dYUS _dBD-RjUL _beng |
||
| 041 | _aeng | ||
| 082 |
_a315.49 _bEAS 1964-1969 |
||
| 110 |
_aEast Pakistan Bureau of Statistics. _9221089 |
||
| 245 | 0 | 0 |
_aStatistical digest of East Pakistan / _cEast Pakistan Bureau of Statistics |
| 260 |
_aDacca : _bEast Pakistan Bureau of Statistics, _c[1964-1969] |
||
| 300 |
_a v. ; _bIll.; _c19 cm. |
||
| 505 | 0 | _aNo. 2, 1964 -- no. 3, 1965 -- no. 5, 1969 | |
| 651 |
_aPakistan _zEast Pakistan (Bangladesh) _vStatistics _y1965/66-1968/69 _9221077 |
||
| 942 |
_2ddc _cRAR |
||
| 999 |
_c35526 _d35526 |
||